| 000 | 00760nam a2200253 i 4500 | ||
|---|---|---|---|
| 001 | 17985 | ||
| 003 | ES-MaACL | ||
| 005 | 20250929063050.0 | ||
| 007 | t| | ||
| 008 | 010809s2000 sp ||||1| spa d | ||
| 020 | _a84-88326-16-5 | ||
| 080 | _a159.964.2 | ||
| 080 | _a616.89 | ||
| 100 | 1 |
_aRivas Padilla, Enrique, _d1939- _997585 |
|
| 245 | 1 | 0 |
_aPsiquiatría - psicoanálisis _b: la clínica de la sospecha / _cEnrique Rivas. |
| 260 |
_aMálaga : _bMiguel Gómez Ediciones, _c[2000] |
||
| 300 |
_a283 p. ; _c21 cm. |
||
| 490 | 1 | _aColección Itaca | |
| 650 | 1 | 4 |
_aPsicoanálisis. _916530 |
| 650 | 1 | 7 |
_aPsiquiatría _2embne _916586 |
| 830 | 0 |
_aColección Itaca _9228763 |
|
| 852 |
_aES-MaACL _jL-24794 _bR.129606 |
||
| 999 |
_c17985 _d17985 |
||